LDR 00921nam a2200217 i 4500 001 000000251546 003 CaOOAMICUS 005 20161118000000.0 008 161118s1887 it u000 u ita u 013 $a230451 040 $aSeMil$bita 100 1 $aRiva, Giuseppe$b
.$0(OLS)http://semarc/name/89791 245 10$aManuale di Filotea /$cdel sacerdote Giuseppe Riva. 250 $a29. Ed. nuovamente riveduta ed aumentata. 260 $aMilano :$bSerafino Majocchi,$c1887. 300 $aVIII, 1028 p., [2] c. di tav. :$bill. ;$c16 cm. 650 4$aCristianesimo - Libri di preghiere e devozione italiani.$0(OLS)http://semarc/subject/1222 850 $aSeMil 852 $aSeMil$W1$xVenegono$y1$m2E II 15 FA$j201892$B201892$CSeMilBibl$Z2$F214265 $8I 996 $6245$aManuale di Filotea$9(OLS)http://semarc/title/63029 996 $6260$aMilano :$bSerafino Majocchi$9(OLS)http://semarc/publisher/33118